[Event "65..ITA Provinciale VE"]
[Site "Venezia Canal ITA"]
[Date "2005.02.13"]
[Round "6"]
[White "De Minico, Stefano"]
[Black "Borghi, Bruno"]
[Result "1-0"]
[WhiteElo "1912"]
[BlackElo "1628"]
[Annotator "Gabriele Ballarin"]
[PlyCount "85"]
[EventDate "2005.02.07"]
[EventType "swiss"]
[EventRounds "6"]
[EventCountry "ITA"]

1. d4 d5 2. c4 e5 3. dxe5 d4 4. Nf3 Nc6 5. a3 Bf5 6. g3 f6 7. exf6 Nxf6 8. Bg2 Bd6 9. O-O Be7 10. b4 d3 11. e3 O-O 12. Nc3 Qd7 13. b5 Na5 14. Qa4 b6 15. Rd1 Rad8 16. Nd4 Bg6 17. Nd5 Bc5 18. Bb2 Ne4 19. Nf4 Rxf4 20. gxf4 Nd6 21. Nf3 Naxc4 22. Qb3 Kh8 23. a4 Qg4 24. h3 Qh5 25. Be5 Be4 26. Nh2 Qg6 27. Ng4 Bxg2 28. Kxg2 h5 29. Qxd3 Qxd3 30. Rxd3 hxg4 31. hxg4 Nxe5 32. fxe5 Nf7 33. Rxd8+ Nxd8 34. Kf3 Kg8 35. Ke4 Kf7 36. Rd1 Ke7 37. f4 Ne6 38. Rh1 Kf7 39. f5 Nf8 40. g5 Ke7 41. g6 Ba3 42. Rh7 Bb2 43. Rxg7+ 1-0

[Event "65..ITA Provinciale VE"]
[Site "Venezia Canal ITA"]
[Date "2005.02.13"]
[Round "6"]
[White "Marson, Luca"]
[Black "Lorenzini, Adriano"]
[Result "0-1"]
[WhiteElo "1987"]
[BlackElo "1895"]
[Annotator "Gabriele Ballarin"]
[PlyCount "86"]
[EventDate "2005.02.07"]
[EventType "swiss"]
[EventRounds "6"]
[EventCountry "ITA"]

1. e4 c5 2. Nf3 Nc6 3. d4 cxd4 4. Nxd4 Nf6 5. Nc3 e5 6. Ndb5 d6 7. Nd5 Nxd5 8. exd5 Nb8 9. c4 Be7 10. Bd3 O-O 11. O-O f5 12. Re1 Nd7 13. b4 a6 14. Nc3 a5 15. b5 b6 16. Na4 Nc5 17. Nxc5 bxc5 18. a4 e4 19. Bb1 Bf6 20. Ra3 Re8 21. Be3 Be5 22. Qd2 Qh4 23. g3 Qh3 24. Bf4 Bd7 25. Bxe5 Rxe5 26. f3 Rae8 27. fxe4 fxe4 28. Rae3 Qg4 29. Bc2 h5 30. Qxa5 Qg6 31. Qd2 h4 32. Qg2 Bf5 33. a5 h3 34. Qf2 Bg4 35. Bd1 Rf8 36. Qd2 Bxd1 37. Rxd1 Qf6 38. Qb2 Qf7 39. g4 Qf4 40. Rg3 e3 41. Qe2 Qe4 42. Qd3 Qxd3 43. Rxd3 e2 0-1

[Event "65..ITA Provinciale VE"]
[Site "Venezia Canal ITA"]
[Date "2005.02.13"]
[Round "6"]
[White "Omeri, Silvan"]
[Black "Pavon, Michele"]
[Result "1-0"]
[WhiteElo "1600"]
[BlackElo "1739"]
[Annotator "Gabriele Ballarin"]
[PlyCount "109"]
[EventDate "2005.02.07"]
[EventType "swiss"]
[EventRounds "6"]
[EventCountry "ITA"]

1. e4 c5 2. Nf3 d6 3. d4 cxd4 4. Nxd4 Nf6 5. Nc3 a6 6. Bc4 e6 7. O-O b5 8. Bd3 Be7 9. a3 Bb7 10. Be3 O-O 11. f4 Qc7 12. Qf3 Nbd7 13. Nde2 Nc5 14. b4 Ncd7 15. Qh3 Rfe8 16. Rf3 g6 17. g4 d5 18. e5 Ne4 19. Bd4 f5 20. gxf5 exf5 21. Bxe4 dxe4 22. Rg3 Rf8 23. Qh6 Qc6 24. h4 Rf7 25. Re3 Nf8 26. h5 Qe6 27. Kh2 Rc8 28. Rg1 Rg7 29. Reg3 Bd8 30. Bc5 Be7 31. Nd4 Qf7 32. Bxe7 Qxe7 33. Nxf5 Qd7 34. Qxg7+ Qxg7 35. Nxg7 Kxg7 36. hxg6 hxg6 37. f5 Re8 38. f6+ Kf7 39. Rg5 Rd8 40. Re1 Ne6 41. Rg3 e3 42. Rexe3 Nf4 43. Rg4 Rd2+ 44. Kg3 Nh5+ 45. Kh4 Rh2+ 46. Kg5 Bc8 47. e6+ Bxe6 48. Rxe6 Kxe6 49. Re4+ Kf7 50. Re7+ Kf8 51. Kxg6 Nf4+ 52. Kf5 Nh5 53. Ne4 Rxc2 54. Rh7 Rh2 55. Rh8+ 1-0

[Event "65..ITA Provinciale VE"]
[Site "Venezia Canal ITA"]
[Date "2005.02.13"]
[Round "6"]
[White "Velluti, Alberto"]
[Black "Rosino, Antonio"]
[Result "0-1"]
[WhiteElo "1853"]
[BlackElo "2285"]
[Annotator "Antonio Rosino"]
[PlyCount "88"]
[EventDate "2005.02.07"]
[EventType "swiss"]
[EventRounds "6"]
[EventCountry "ITA"]

1. e4 e5 2. Nf3 Nc6 3. Bc4 Bc5 4. c3 Nf6 5. d4 exd4 6. cxd4 Bb4+ 7. Bd2 Bxd2+ 8. Nbxd2 d5 9. exd5 Nxd5 10. Qb3 Nce7 11. O-O O-O 12. Ne5 c6 13. Ne4 Qb6 $6 (13... f6 14. Nf3 Kh8 $11 {Unzicker}) 14. Rad1 Qxb3 15. Bxb3 Bf5 $2 16. Nd6 Bc8 (16... f6 17. Bxd5+ cxd5) 17. Rfe1 Nf5 18. Nxc8 $2 (18. Nxf5 Bxf5 19. Bxd5 cxd5 20. Rc1) 18... Raxc8 19. Bxd5 cxd5 20. Re2 Rfe8 21. Kf1 $2 Nxd4 22. Red2 (22. Rxd4 $2 Rc1+ 23. Re1 Rxe1+ 24. Kxe1 Rxe5+) 22... Rxe5 23. Rxd4 Rd8 24. f4 Rh5 25. h3 g6 26. R1d3 Rf5 27. Kf2 Kg7 28. h4 $6 h5 29. Kf3 Rd7 30. a3 Kf6 31. Rd2 Ke6 32. Re2+ Kd6 33. Red2 Rc7 34. g3 Rc5 35. Kf2 Kc6 36. b4 $6 Rc3 37. a4 a6 38. Kg2 Rc4 39. Kf3 Rxd4 40. Rxd4 Rf6 41. g4 $2 hxg4+ 42. Kxg4 Re6 43. Kf3 Re1 44. f5 $2 Rf1+ 0-1

[Event "65..ITA Provinciale VE"]
[Site "Venezia Canal ITA"]
[Date "2005.02.13"]
[Round "6"]
[White "Vidal, Irene"]
[Black "Biserni, Federica"]
[Result "1-0"]
[WhiteElo "1440"]
[BlackElo "1440"]
[Annotator "Gabriele Ballarin"]
[PlyCount "65"]
[EventDate "2005.02.07"]
[EventType "swiss"]
[EventRounds "6"]
[EventCountry "ITA"]

1. e4 c6 2. d4 d5 3. Nc3 dxe4 4. Nxe4 Bf5 5. Ng3 Bg6 6. Nf3 Nd7 7. Nh4 e6 8. Nxg6 hxg6 9. Bf4 Ngf6 10. Bg5 Qa5+ 11. Bd2 Qb6 12. Bc3 Nd5 13. Be2 Nxc3 14. bxc3 Qb2 15. Ne4 O-O-O 16. Qb1 Qxb1+ 17. Rxb1 a6 18. O-O Be7 19. Bf3 f5 20. Nd2 e5 21. Nc4 e4 22. Be2 g5 23. f3 Rdf8 24. fxe4 fxe4 25. Bg4 b5 26. Ne5 Rd8 27. Nxd7 Rxd7 28. Rf7 Bd6 29. Bxd7+ Kd8 30. g3 e3 31. Re1 Rf8 32. Rxf8+ Bxf8 33. Bxc6 1-0

[Event "5.Open Padovana B"]
[Site "Loreggia"]
[Date "2005.02.25"]
[Round "1.10"]
[White "Bressan, Marco"]
[Black "Baldi, Giancarlo"]
[Result "1-0"]
[WhiteElo "1587"]
[BlackElo "1760"]
[Annotator "Gabriele Ballarin"]
[PlyCount "137"]
[EventDate "2005.02.25"]
[EventType "swiss"]
[EventRounds "5"]
[EventCountry "ITA"]

1. d4 Nf6 2. c4 g6 3. Nc3 d5 4. cxd5 Nxd5 5. e4 Nxc3 6. bxc3 Bg7 7. Bc4 c5 8. Ne2 Nc6 9. d5 Ne5 10. Bf4 Qa5 11. Qb3 O-O 12. Bxe5 Bxe5 13. f4 Bg7 14. O-O a6 15. a4 Rb8 16. e5 Qc7 17. Bd3 b5 18. axb5 axb5 19. Bxb5 Bg4 20. Qc4 Bxe2 21. Qxe2 c4 22. Bxc4 Rfc8 23. Ra4 Rd8 24. Rc1 Bh6 25. g3 Rb7 26. Ba6 Rb6 27. c4 Rdb8 28. c5 Rb2 29. Rc2 Rb1+ 30. Kg2 Qd7 31. Rd4 Ra1 32. c6 Qc7 33. d6 exd6 34. exd6 Qa7 35. c7 Rf8 36. c8=Q Qxd4 37. d7 Rg1+ 38. Kh3 Bxf4 39. gxf4 Qxf4 40. Qxf8+ Kxf8 41. d8=Q+ Kg7 42. Qh4 Qf5+ 43. Qeg4 Rxg4 44. Qxg4 Qxc2 45. Qd4+ Kg8 46. Bc4 Qf5+ 47. Kg3 Qg5+ 48. Kh3 h5 49. Be2 Qf5+ 50. Kh4 Qe6 51. Bf3 Qe1+ 52. Kg5 Qe7+ 53. Kh6 Qf8+ 54. Kg5 Qe7+ 55. Kh6 Qf8+ 56. Kg5 Qe7+ 57. Qf6 Qe3+ 58. Qf4 Qg1+ 59. Kh6 Qb6 60. Qe5 g5+ 61. Kxg5 Qg6+ 62. Kh4 Qh6 63. Qb8+ Kg7 64. Qe5+ Kf8 65. Qb8+ Kg7 66. Qg3+ Kf8 67. Qb8+ Kg7 68. Qg3+ Kf8 69. Qb8+ 1-0

[Event "65.Camp. Veneto Quarti di Finale"]
[Site "Arquà Petrarca ITA"]
[Date "2005.05.07"]
[Round "1"]
[White "Marson, Luca"]
[Black "Alessi, Giovanni"]
[Result "1-0"]
[WhiteElo "1987"]
[BlackElo "1652"]
[Annotator "Antonio Rosino"]
[PlyCount "15"]
[EventDate "2005.05.07"]
[EventType "swiss"]
[EventRounds "6"]
[EventCountry "ITA"]

1. e4 e5 2. Nf3 d6 3. d4 Bg4 4. dxe5 Bxf3 5. Qxf3 dxe5 6. Bc4 Nf6 7. Qb3 Nxe4 (7... Qe7 8. Qxb7 (8. Nc3 c6 9. Bg5 b5 10. Nxb5 cxb5 11. Bxb5+ Nbd7 12. O-O-O Rd8 13. Rxd7 Rxd7 14. Rd1 Qe6 15. Bxd7+ Nxd7 16. Qb8+ Nxb8 17. Rd8#) 8... Qb4+ 9. Qxb4 Bxb4+ 10. Ke2 Nbd7 (10... Nxe4 11. Bd5)) 8. Bxf7+ 1-0

[Event "65.Camp. Veneto Quarti di Finale"]
[Site "Arquà Petrarca ITA"]
[Date "2005.05.07"]
[Round "1"]
[White "Quaranta, Gaetano"]
[Black "Belloni, Umberto"]
[Result "1/2-1/2"]
[WhiteElo "1589"]
[BlackElo "1950"]
[Annotator "Gabriele Ballarin"]
[PlyCount "63"]
[EventDate "2005.05.07"]
[EventType "swiss"]
[EventRounds "6"]
[EventCountry "ITA"]

1. e4 e6 2. d4 d5 3. e5 c5 4. c3 Nc6 5. Nf3 Bd7 6. Be2 Rc8 7. O-O a6 8. b3 cxd4 9. cxd4 g6 10. Bb2 Nh6 11. Nc3 Nf5 12. Rc1 Bh6 13. Rb1 b5 14. Re1 Qb6 15. a4 b4 16. Na2 O-O 17. g4 Nfe7 18. Nc1 Bxc1 19. Bxc1 Kg7 20. Be3 Na5 21. Qd2 Ng8 22. Rec1 Rxc1+ 23. Qxc1 Rc8 24. Qd2 Rc3 25. Bd1 Qc7 26. Ne1 Nb7 27. Nd3 Bc8 28. Nxb4 Nd8 29. Nd3 Rc6 30. Nb4 Rc3 31. Nd3 Rc6 32. Nb4 1/2-1/2

[Event "65.Camp. Veneto Quarti di Finale"]
[Site "Arquà Petrarca ITA"]
[Date "2005.05.07"]
[Round "1"]
[White "Zannol, Roberto"]
[Black "Pechy, Alaster"]
[Result "1/2-1/2"]
[WhiteElo "1745"]
[BlackElo "2179"]
[Annotator "Gabriele Ballarin"]
[PlyCount "65"]
[EventDate "2005.05.07"]
[EventType "swiss"]
[EventRounds "6"]
[EventCountry "ITA"]

1. Nf3 Nf6 2. g3 b5 3. Bg2 Bb7 4. d3 e6 5. e4 d5 6. e5 Nfd7 7. O-O c5 8. Re1 Nc6 9. Bf4 h6 10. h4 Be7 11. h5 Qb6 12. Nc3 O-O-O 13. a4 a6 14. axb5 axb5 15. Nd2 Nf8 16. Qg4 Nb4 17. Qxg7 Rh7 18. Qg4 Nxc2 19. Rec1 Nxa1 20. Rxa1 Nd7 21. b4 cxb4 22. Be3 Bc5 23. Bxc5 Nxc5 24. Nxd5 Bxd5 25. Bxd5 Kc7 26. Be4 Rhh8 27. Rc1 Kb8 28. Qf3 Rd7 29. Qe3 Rc8 30. Nb3 Na4 31. Rxc8+ Kxc8 32. Qxh6 Qd8 33. Qe3 1/2-1/2

[Event "65.Camp. Veneto Quarti di Finale"]
[Site "Arquà Petrarca ITA"]
[Date "2005.05.08"]
[Round "2.1"]
[White "Biserni, Federica"]
[Black "Quaranta, Cristiano"]
[Result "0-1"]
[WhiteElo "1422"]
[BlackElo "2072"]
[Annotator "Gabriele Ballarin"]
[PlyCount "82"]
[EventDate "2005.05.07"]
[EventType "swiss"]
[EventRounds "6"]
[EventCountry "ITA"]

1. e4 c5 2. Nc3 Nc6 3. g3 g6 4. Bg2 Bg7 5. d3 e6 6. f4 Nge7 7. Nf3 O-O 8. O-O d6 9. Be3 Nd4 10. Rb1 Rb8 11. Ne2 Nec6 12. Nexd4 cxd4 13. Bd2 b5 14. Qe2 Qc7 15. c3 Qb6 16. Kh1 Ba6 17. e5 dxe5 18. Nxe5 Nxe5 19. fxe5 Qc5 20. cxd4 Qxd4 21. Bc3 Qd7 22. Qe3 b4 23. Bd4 Rfd8 24. Bxa7 Rb5 25. Bc5 Qxd3 26. Qxd3 Rxd3 27. Bf2 Rxe5 28. Rfe1 Rd2 29. Be3 Re2 30. Rxe2 Bxe2 31. Bd2 Bf8 32. Rc1 Rb5 33. Bf1 Bxf1 34. Rxf1 Rd5 35. Bc1 Ra5 36. Rd1 Rxa2 37. Rd8 Ra1 38. Rc8 Kg7 39. Kg2 Be7 40. Bd2 Rb1 41. Rb8 Rxb2 0-1

[Event "65.Camp. Veneto Quarti di Finale"]
[Site "Arquà Petrarca ITA"]
[Date "2005.05.08"]
[Round "2.2"]
[White "Rossi, Carlo"]
[Black "De Napoli, Giuseppe"]
[Result "1-0"]
[WhiteElo "2375"]
[BlackElo "2062"]
[Annotator "Gabriele Ballarin"]
[PlyCount "43"]
[EventDate "2005.05.07"]
[EventType "swiss"]
[EventRounds "6"]
[EventCountry "ITA"]

1. e4 g6 2. f4 Bg7 3. Nf3 d6 4. Bc4 c5 5. O-O Nc6 6. d3 Bg4 7. Bxf7+ Kd7 8. Bd5 e6 9. Bxc6+ bxc6 10. Ne5+ dxe5 11. Qxg4 Ne7 12. f5 Rf8 13. fxe6+ Kc8 14. Rxf8 Qxf8 15. Be3 h5 16. Qh3 Bh6 17. Nd2 Bxe3+ 18. Qxe3 Ng8 19. Rf1 Qe7 20. Rf7 Qxe6 21. Nc4 Nf6 22. Rf8+ 1-0

[Event "65.Camp. Veneto Quarti di Finale"]
[Site "Arquà Petrarca ITA"]
[Date "2005.05.08"]
[Round "2.3"]
[White "Lavric, Mihail"]
[Black "Cacco, Cristian"]
[Result "0-1"]
[WhiteElo "2046"]
[BlackElo "2300"]
[Annotator "Gabriele Ballarin"]
[PlyCount "80"]
[EventDate "2005.05.07"]
[EventType "swiss"]
[EventRounds "6"]
[EventCountry "ITA"]

1. d4 c5 2. d5 e6 3. c4 exd5 4. cxd5 d6 5. Nc3 g6 6. Nf3 Bg7 7. e4 Nf6 8. Bd3 O-O 9. O-O Nbd7 10. Qc2 a6 11. a4 h6 12. Bf4 Qe7 13. Rae1 Ng4 14. h3 Nge5 15. Nxe5 Nxe5 16. Bxe5 Qxe5 17. f4 Qd4+ 18. Kh1 Bd7 19. f5 g5 20. Rf3 Be5 21. Ref1 f6 22. Be2 Qb4 23. b3 b5 24. Rb1 Qa5 25. Bd1 Rfe8 26. Ne2 Rab8 27. axb5 axb5 28. b4 Qb6 29. Rf1 Rec8 30. Qd3 cxb4 31. Qf3 Kg7 32. Rxb4 Qa5 33. Qb3 Ra8 34. Qb1 Qa3 35. Rf3 Qa1 36. Rfb3 Rc4 37. Qd3 Qa5 38. Qb1 Rac8 39. Kg1 Rxb4 40. Rxb4 Rc4 0-1

[Event "65.Camp. Veneto Quarti di Finale"]
[Site "Arquà Petrarca ITA"]
[Date "2005.05.08"]
[Round "2.4"]
[White "Luciani, Valerio"]
[Black "Giuriato, Sergio"]
[Result "1-0"]
[WhiteElo "2241"]
[BlackElo "2002"]
[Annotator "Gabriele Ballarin"]
[PlyCount "73"]
[EventDate "2005.05.07"]
[EventType "swiss"]
[EventRounds "6"]
[EventCountry "ITA"]

1. d4 Nf6 2. c4 e6 3. Nc3 Bb4 4. Bg5 h6 5. Bh4 c5 6. d5 d6 7. f3 Bxc3+ 8. bxc3 e5 9. e4 Nbd7 10. Bd3 Qc7 11. Ne2 b6 12. a4 a5 13. O-O Ba6 14. Bf2 O-O-O 15. Be3 Kb7 16. Rb1 Ka7 17. Qd2 Rde8 18. Rb3 h5 19. Qc2 h4 20. Rfb1 Reg8 21. Qd2 Ne8 22. Kh1 f6 {=} 23. f4 Qd8 24. fxe5 dxe5 25. Rxb6 Qxb6 26. Rxb6 Kxb6 27. Qb2+ Ka7 28. Qa3 Kb6 29. Nc1 Nd6 30. Nb3 Rc8 31. Qb2 Kc7 32. Nxc5 Nxc5 33. Bxc5 Rb8 34. Bxd6+ Kxd6 35. c5+ Kc7 36. Bb5 h3 37. d6+ 1-0

[Event "65.Camp. Veneto Quarti di Finale"]
[Site "Arquà Petrarca ITA"]
[Date "2005.05.08"]
[Round "2.5"]
[White "Giuriati, Paolo"]
[Black "Marson, Luca"]
[Result "1-0"]
[WhiteElo "2197"]
[BlackElo "1987"]
[Annotator "Gabriele Ballarin"]
[PlyCount "93"]
[EventDate "2005.05.07"]
[EventType "swiss"]
[EventRounds "6"]
[EventCountry "ITA"]

1. Nf3 Nf6 2. c4 g6 3. b4 Bg7 4. Bb2 O-O 5. e3 c5 (5... d6 6. Be2 c5 7. bxc5 dxc5) 6. bxc5 Qa5 7. Be2 Nc6 8. O-O Qxc5 9. Nc3 d5 (9... d6) 10. Na4 Qd6 11. cxd5 Qxd5 12. d4 b6 (12... Ne4) 13. Nc3 Qd7 (13... Qf5 14. Rc1 Bb7 15. a3) 14. Bb5 Nd5 15. Ne5 Bxe5 16. dxe5 Nc7 17. Qxd7 Bxd7 18. Rfd1 Nxb5 19. Nxb5 (19. Rxd7 Nxc3 20. Bxc3 Rfd8 21. Rad1 Rxd7 22. Rxd7 Rd8 23. Rxd8+ Nxd8) 19... Bf5 (19... Rfd8 20. Rac1 Rac8 21. Rd5 a6 22. Nd4 Nxd4 23. Rxc8 Rxc8 24. Rxd7 Ne6 25. Rd2 h6) 20. f3 Rad8 21. Bd4 Bc2 (21... Rc8 22. Rac1 Rfd8) 22. Rdc1 Bd3 23. Rxc6 Bxb5 24. Rc7 Rd7 25. Rac1 e6 (25... Rfd8 26. Rxd7 Bxd7 27. Rc7 a6 28. Ra7 b5 29. Rxa6 Kf8 30. a3 Ke8 31. Ra7 Be6 32. Kf2 Rd7 33. Ra5 Bc4 34. a4 b4 35. Rc5 Bd3 36. e6 fxe6 37. Rc8+ Rd8 38. Rxd8+ Kxd8 39. e4 Kc7 40. Ke3 Bf1 41. e5 Bxg2 42. Kd3 Bf1+ 43. Kc2 Bc4 44. f4 Kc6) 26. Rxd7 Bxd7 27. Rc7 Ba4 28. Rxa7 b5 29. Rc7 Ra8 30. a3 Bb3 31. Bc5 Bc4 32. Be7 Bd3 (32... h6 33. h4 Bd3) 33. Kf2 Bc4 34. g4 (34. a4 h5) 34... Bd3 35. h4 (35. g5) 35... h5 36. gxh5 gxh5 37. Kg3 Kh7 38. Kf4 Kg6 39. e4 Rg8 40. Ke3 Bf1 41. f4 Bg2 (41... Bc4 42. a4 Ra8 43. axb5 Bxb5) 42. Bd6 Ra8 43. Rb7 (43. f5+ exf5 44. exf5+ Kxf5 45. Rxf7+ Kg6 46. Rf6+ Kg7 47. Rf5 Bd5 48. Rxh5) 43... Bf1 44. f5+ exf5 45. exf5+ Kg7 46. e6 Bc4 47. Rxf7+ 1-0

[Event "65.Camp. Veneto Quarti di Finale"]
[Site "Arquà Petrarca ITA"]
[Date "2005.05.08"]
[Round "2.6"]
[White "Forato, Enrico"]
[Black "Navarro, Stefano"]
[Result "0-1"]
[WhiteElo "1971"]
[BlackElo "2179"]
[Annotator "Gabriele Ballarin"]
[PlyCount "56"]
[EventDate "2005.05.07"]
[EventType "swiss"]
[EventRounds "6"]
[EventCountry "ITA"]

1. e4 e5 2. Nf3 Nc6 3. d4 exd4 4. Bc4 Nf6 5. O-O Bc5 6. e5 d5 7. exf6 dxc4 8. Re1+ Be6 9. Ng5 Qd5 10. Nc3 Qf5 11. Nce4 O-O-O 12. Nxe6 fxe6 13. g4 Qe5 14. Bg5 g6 15. Nxc5 Qxc5 16. Bh6 Ne5 17. Qe2 Rd5 18. Bf4 d3 19. Qe4 d2 20. Red1 Rhd8 21. f7 Kb8 22. Bxe5 Rxe5 23. Qf4 Red5 24. a4 h5 25. h3 hxg4 26. hxg4 Rd4 27. Qf3 Qd6 28. c3 Rf4 0-1

[Event "65.Camp. Veneto Quarti di Finale"]
[Site "Arquà Petrarca ITA"]
[Date "2005.05.08"]
[Round "2.7"]
[White "Roberti, Ignazio"]
[Black "Danieli, Enrico"]
[Result "0-1"]
[WhiteElo "1954"]
[BlackElo "2163"]
[Annotator "Gabriele Ballarin"]
[PlyCount "48"]
[EventDate "2005.05.07"]
[EventType "swiss"]
[EventRounds "6"]
[EventCountry "ITA"]

1. e4 d5 2. exd5 Nf6 3. d4 Bg4 4. Nf3 Qxd5 5. Be2 Nc6 6. O-O O-O-O 7. c4 Qh5 8. Be3 e5 9. h3 exd4 10. hxg4 Nxg4 11. Bf4 d3 12. Bxd3 Bd6 13. Bg3 Bxg3 14. fxg3 Nce5 15. Qe2 Nxd3 16. Nc3 Qc5+ 17. Kh1 Ndf2+ 18. Rxf2 Nxf2+ 19. Kg1 Ng4+ 20. Kh1 Rhe8 21. Qc2 Re6 22. b4 Rh6+ 23. Nh4 Qe5 24. Kg1 Rxh4 0-1

[Event "65.Camp. Veneto Quarti di Finale"]
[Site "Arquà Petrarca ITA"]
[Date "2005.05.08"]
[Round "2.8"]
[White "Sgaravatti, Francesco"]
[Black "Castellano, Alfonso"]
[Result "0-1"]
[WhiteElo "2141"]
[BlackElo "1913"]
[Annotator "Gabriele Ballarin"]
[PlyCount "108"]
[EventDate "2005.05.07"]
[EventType "swiss"]
[EventRounds "6"]
[EventCountry "ITA"]

1. e4 c5 2. a3 Nc6 3. Nf3 d6 4. Bc4 e6 5. Nc3 Nf6 6. d3 Be7 7. O-O O-O 8. Bg5 d5 9. Ba2 d4 10. Ne2 b5 11. Ng3 Bb7 12. Ne1 Nd7 13. Bd2 Nb6 14. f4 c4 15. Qe2 Ba6 16. Rf3 Qd7 17. Nh5 f5 18. Rg3 g6 19. Kh1 Kh8 20. Rh3 gxh5 21. Qxh5 Bf6 22. e5 Bd8 23. Nf3 Qf7 24. Qh6 Rg8 25. Be1 Qg6 26. Qxg6 Rxg6 27. Bf2 Nd5 28. g3 Bb6 29. a4 bxa4 30. Bxc4 Bxc4 31. dxc4 Ndb4 32. Ne1 Rd8 33. Kg1 d3 34. Bxb6 axb6 35. cxd3 Nxd3 36. Nxd3 Rxd3 37. Rxa4 Rb3 38. Ra8+ Rg8 39. Ra2 Kg7 40. Kf1 Rd8 41. Ke1 Rd7 42. Rh4 Rd4 43. Ke2 Rxc4 44. Kd2 Rcb4 45. Kc2 Nd4+ 46. Kb1 Ne2 47. Ka1 h6 48. g4 Rxf4 49. Ra7+ Kg6 50. gxf5+ {=} Kxf5 51. Rxh6 Rf1+ 52. Ka2 Nc1+ 53. Kb1 Ne2+ 54. Ka2 Rbf3 $138 0-1

[Event "65.Camp. Veneto Quarti di Finale"]
[Site "Arquà Petrarca ITA"]
[Date "2005.05.08"]
[Round "2.9"]
[White "Lorenzini, Adriano"]
[Black "Alberton, Roberto"]
[Result "1/2-1/2"]
[WhiteElo "1883"]
[BlackElo "2120"]
[Annotator "Gabriele Ballarin"]
[PlyCount "93"]
[EventDate "2005.05.07"]
[EventType "swiss"]
[EventRounds "6"]
[EventCountry "ITA"]

1. d4 Nf6 2. c4 e6 3. Nf3 Bb4+ 4. Bd2 Qe7 5. a3 Bxd2+ 6. Qxd2 d6 7. Nc3 O-O 8. g3 b6 9. Bg2 Bb7 10. O-O Ne4 11. Qd3 Nxc3 12. Qxc3 Nd7 13. b4 c5 14. e3 Be4 15. Nd2 Bxg2 16. Kxg2 f5 17. Rab1 e5 18. f4 exd4 19. exd4 Rae8 20. Rfe1 Qxe1 21. Rxe1 Rxe1 22. dxc5 dxc5 23. Qd3 Re7 24. Nf3 g6 25. Kh3 Rfe8 26. Qd6 Kg7 27. bxc5 Nxc5 28. Ne5 Ne4 29. Qd4 Ng5+ 30. Kg2 Ne6 31. Qd5 Ng5 32. Qd4 Ne6 33. Qd6 Nc5 34. h3 Ne4 35. Qd4 Kg8 36. h4 {=} Nc5 37. Kf3 Nb7 38. Qd5+ Kg7 39. Nc6 Re3+ 40. Kg2 Re2+ 41. Kh3 Nc5 42. Ne5 Re7 43. Qd6 Rb7 44. Qc6 Re7 45. Qd6 Rb7 46. Qc6 Re7 47. Qd6 1/2-1/2

[Event "65.Camp. Veneto Quarti di Finale"]
[Site "Arquà Petrarca ITA"]
[Date "2005.05.08"]
[Round "2.10"]
[White "Opacic, Alexandar"]
[Black "Zangrando, Gianpietro"]
[Result "1-0"]
[WhiteElo "2118"]
[BlackElo "1897"]
[Annotator "Gabriele Ballarin"]
[PlyCount "41"]
[EventDate "2005.05.07"]
[EventType "swiss"]
[EventRounds "6"]
[EventCountry "ITA"]

1. e4 e6 2. d4 d5 3. Nd2 Nf6 4. e5 Nfd7 5. Bd3 c5 6. c3 Nc6 7. Ne2 cxd4 8. cxd4 Nb6 9. O-O Bd7 10. f4 Nb4 11. Bb1 Ba4 12. b3 Bb5 13. f5 Qd7 14. a4 Ba6 15. a5 Nc8 16. fxe6 fxe6 17. Nf3 Ne7 18. Ng5 Ng8 19. Nxh7 Ne7 20. Ba3 Nec6 21. Bg6+ 1-0

[Event "65.Camp. Veneto Quarti di Finale"]
[Site "Arquà Petrarca ITA"]
[Date "2005.05.08"]
[Round "2.11"]
[White "Pezzolato, Michele"]
[Black "Bonafede, Alessandro"]
[Result "0-1"]
[WhiteElo "1775"]
[BlackElo "2095"]
[Annotator "Gabriele Ballarin"]
[PlyCount "71"]
[EventDate "2005.05.07"]
[EventType "swiss"]
[EventRounds "6"]
[EventCountry "ITA"]

1. e4 c5 2. Nc3 Nc6 3. g3 g6 4. Bg2 Bg7 5. f4 e6 6. Nf3 Nge7 7. O-O O-O 8. d3 Rb8 9. h3 b5 10. Kh2 d6 11. Ne2 a5 12. c3 Ba6 13. Be3 Qc7 14. Re1 b4 15. Qc2 a4 16. d4 a3 17. bxa3 bxc3 18. Qxc3 Qa7 19. e5 Nd5 20. Qd2 Bxe2 21. Rxe2 Nxe3 22. Rxe3 cxd4 23. Rd3 dxe5 24. fxe5 Nxe5 25. Nxe5 Bxe5 26. h4 Rfc8 27. h5 Rc3 28. hxg6 hxg6 29. Be4 Qxa3 30. Qg5 Rxd3 31. Qxe5 Qb2+ 32. Kh3 Rb5 33. Qf6 Rh5+ 34. Kg4 Qe2+ 35. Bf3 Rxf3 36. Qxf3 0-1

[Event "65.Camp. Veneto Quarti di Finale"]
[Site "Arquà Petrarca ITA"]
[Date "2005.05.08"]
[Round "2.12"]
[White "Rossato, Armando"]
[Black "Morganti, Lionello"]
[Result "1-0"]
[WhiteElo "2079"]
[BlackElo "1667"]
[Annotator "Gabriele Ballarin"]
[PlyCount "43"]
[EventDate "2005.05.07"]
[EventType "swiss"]
[EventRounds "6"]
[EventCountry "ITA"]

{[%evp 0,93,45,17,21,-12,43,-24,-9,-16,-18,-40,71,47,57,61,46,36,35,37,61,-4,16,2,32,30,59,66,90,107,81,43,61,41,41,32,32,14,14,-1,23,3,24,-17,98,112,112,93,101,99,99,99,120,123,116,129,128,124,127,105,97,111,111,110,110,99,122,121,129,98,130,116,120,120,119,119,119,119,115,119,126,119,130,128,150,150,143,116,501,501,509,544,612,612,612,612]} 1. d4 Nf6 2. Nf3 g6 3. c4 Bg7 4. Nc3 O-O 5. e3 c5 6. Be2 cxd4 7. exd4 d5 8. c5 Nc6 9. h3 a6 10. Bf4 e6 11. Bd6 Re8 12. Ne5 Bf8 13. Nxc6 bxc6 14. Bxf8 Kxf8 15. f4 Ne4 16. O-O Nxc3 17. bxc3 a5 18. Rb1 Ba6 19. Rb6 Bxe2 20. Qxe2 Qc7 21. Qe5 Qxe5 22. fxe5 1-0

[Event "65.Camp. Veneto Quarti di Finale"]
[Site "Arquà Petrarca ITA"]
[Date "2005.05.08"]
[Round "2.13"]
[White "Pechy, Alaster"]
[Black "Bozzao, Francesco"]
[Result "1-0"]
[WhiteElo "2179"]
[BlackElo "1715"]
[Annotator "Gabriele Ballarin"]
[PlyCount "81"]
[EventDate "2005.05.07"]
[EventType "swiss"]
[EventRounds "6"]
[EventCountry "ITA"]

1. d4 Nf6 2. c4 g6 3. Nc3 Bg7 4. e4 d6 5. f3 b6 6. Be3 Bb7 7. Bd3 c5 8. d5 Nbd7 9. Nge2 Ne5 10. O-O Ba6 11. b3 Nxd3 12. Qxd3 h5 13. Qd2 Bc8 14. a4 O-O 15. Bh6 Kh7 16. Bxg7 Kxg7 17. Nf4 Rh8 18. Nce2 Qg8 19. Nd3 Kf8 20. e5 Ne8 21. a5 Rb8 22. axb6 axb6 23. Qe3 Rh7 24. Ra7 f5 25. Qg5 Qf7 26. Nef4 Rg7 27. exd6 Nxd6 28. Ne5 Qf6 29. Nexg6+ Kg8 30. Nxe7+ Qxe7 31. Qxe7 Rxe7 32. Rxe7 b5 33. Nxh5 bxc4 34. bxc4 Ba6 35. Re6 Rd8 36. Ra1 Bxc4 37. Ra7 Nf7 38. Ree7 Bxd5 39. Nf6+ Kf8 40. Nxd5 Rxd5 41. Rxf7+ 1-0

[Event "65.Camp. Veneto Quarti di Finale"]
[Site "Arquà Petrarca ITA"]
[Date "2005.05.08"]
[Round "2.14"]
[White "Solinas, Carlo"]
[Black "De Nardi, Riccardo"]
[Result "1-0"]
[WhiteElo "2067"]
[BlackElo "1660"]
[Annotator "Gabriele Ballarin"]
[PlyCount "45"]
[EventDate "2005.05.07"]
[EventType "swiss"]
[EventRounds "6"]
[EventCountry "ITA"]

1. e4 c5 2. d4 cxd4 3. c3 dxc3 4. Nxc3 Nc6 5. Nf3 d6 6. Bc4 e6 7. O-O Be7 8. Qe2 Nf6 9. Rd1 e5 10. Be3 O-O 11. b4 a6 12. a3 Bg4 13. h3 Be6 14. Rac1 Bxc4 15. Qxc4 Rc8 16. Qe2 Nd7 17. g4 Qc7 18. Nd5 Qb8 19. Rxc6 Rxc6 20. Nxe7+ Kh8 21. Nxc6 bxc6 22. Qxa6 Rc8 23. Rxd6 1-0